Szczegóły MARC21

Dictionnaire des mathématiques modernes /

003 -Nazwa inst., której nr kontr. jest w polu 001 [,]
    • @
    • Nazwa instytucji, której n kontrolny jest w polu 001
    • NUKAT
005 -DATA I CZAS OSTATNIEJ MODYFIKACJI [,]
    • @
    • pole kontrolne
    • 20241231102344.0
040 -Instytucja sporządzająca opis [ , ]
    • a
    • Instytucja, która sporządziła opis (NP)
    • WA U/94AEM
    • c
    • Instytucja, która sporządziła rekord (NP)
    • WA U/AEM
    • d
    • Instytucja, która zmodyfikowała rekord (P)
    • WA U/AEM
    • d
    • Instytucja, która zmodyfikowała rekord (P)
    • WA U/94ANK
942 -Rodzaj dokumentu [ , ]
    • c
    • Rodzaj dokumentu
    • Książka
100 -Hasło główne - nazwa osobowa [1, ]
    • a
    • Nazwa osobowa (NP)
    • Chambadal, Lucien
    • d
    • Daty biograficzne (NP)
    • (1935- ).
    • 9
    • KHW
    • 460317
240 -Tytuł ujednolicony [1,0]
    • a
    • Tytuł ujednolicony
    • Dictionnaire des mathématiques modernes
    • l
    • Język tekstu
    • (fr.)
    • 9
    • KHW
    • 460319
245 -Strefa tytułu i oznaczenia odpowiedzialności [1,0]
    • a
    • Tytuł
    • Dictionnaire des mathématiques modernes / Find
    • c
    • Pozostałe elementy strefy tytułu i oznaczenia odpowiedzialności (NP)
    • Lucien Chambadal.
250 -Strefa wydania [ , ]
    • a
    • Oznaczenie wydania (NP)
    • 2-me ed. refondue.
260 -Strefa adresu wydawniczego [ , ]
    • a
    • Miejsce wydania (P)
    • Paris :
    • b
    • Nazwa wydawcy (P)
    • Librairie Larousse,
    • c
    • Data wydania (P)
    • cop. 1969.
300 -Strefa opisu fizycznego [ , ]
    • a
    • Określenie formy książki i/lub objętość (NP)
    • 255 s. :
    • b
    • Oznaczenie ilustracji (NP)
    • il. ;
    • c
    • Format (NP)
    • 18 cm.
336 -Typ zawartości [ , ]
    • a
    • Termin opisujący typ zawartości
    • Tekst
    • b
    • Kod określający zawartość
    • txt
    • 2
    • Źródło (terminu i kodu)
    • rdacontent
337 -Typ mediów [ , ]
    • a
    • Tryb odtwarzania
    • Bez urządzenia pośredniczącego
    • b
    • Kod typu mediów
    • n
    • 2
    • Źródło (terminu i kodu)
    • rdamedia
338 -Typ/rodzaj nośnika [ , ]
    • a
    • Hasło opisujące typ nośnika
    • Wolumin
    • b
    • Kod typu nośnika
    • nc
    • 2
    • Źródło (terminu i kodu)
    • rdacarrier
490 -Strefa serii i książki wielotomowej - forma nie do wyszukiwania [1, ]
    • a
    • Tytuł (P)
    • Les Dictionnaires de l'Homme du XXe Siècle Find
    • x
    • ISSN (NP)
    • 0768-2778
    • v
    • Numeracja (P)
    • 32
830 -Hasło dodatkowe serii i opisu książki wielotomowej - tytuł ujednolicony/tytuł [ ,4]
    • a
    • Tytuł ujednolicony/tytuł (NP)
    • Les Dictionnaires de l'Homme du XXe Siècle
    • x
    • ISSN
    • 0768-2778
    • v
    • Oznaczenie tomu (NP)
    • 32
    • 9
    • KHW
    • 348337
500 -Uwaga ogólna [ , ]
    • a
    • Uwaga ogólna (NP)
    • Druk dwuszpaltowy.
650 -Hasło przedmiotowe [ ,7]
    • a
    • Hasło przedmiotowe
    • Matematyka
    • v
    • Określnik formalny
    • encyklopedie.
    • 2
    • Źródło terminu
    • kaba
    • 9
    • KHW
    • 365321
710 -Hasło dodatkowe - nazwa ciała zbiorowego [2, ]
    • a
    • Nazwa ciała zbiorowego lub nazwa geograficzna jako pierwszy element (NP)
    • Larousse.
    • 4
    • Kod relacji
    • pbl
    • 9
    • KHW
    • 80460
Lokalizacja Status udost. Numer inwentarzowy
BG1N.14959